000 00312nam a22001337a 4500
008 170923b xxu||||| |||| 00| 0 eng d
020 _a2900131219006
041 _aeng
080 _a37
100 _a46
101 _aEDU
245 _aINCLUSIVE CLASSROOMS VIDEO CASES ON CD-ROOM
_cBAUER, A.M
942 _2udc
_cBK
999 _c29441
_d29441